<?xml version="1.0" encoding="UTF-8"?>
<record
    xmlns:xsi="http://www.w3.org/2001/XMLSchema-instance"
    xsi:schemaLocation="http://www.loc.gov/MARC21/slim http://www.loc.gov/standards/marcxml/schema/MARC21slim.xsd"
    xmlns="http://www.loc.gov/MARC21/slim">

  <leader>00962nas a22002417i 4500</leader>
  <controlfield tag="005">20220630143600.0</controlfield>
  <controlfield tag="008">200712s2020    my ar||| |||| 00| 0 may d</controlfield>
  <datafield tag="020" ind1=" " ind2=" ">
    <subfield code="q">paperback</subfield>
  </datafield>
  <datafield tag="040" ind1=" " ind2=" ">
    <subfield code="a">PPAK</subfield>
    <subfield code="b">eng</subfield>
    <subfield code="c">PPAK</subfield>
    <subfield code="e">rda</subfield>
  </datafield>
  <datafield tag="082" ind1="0" ind2="4">
    <subfield code="2">23</subfield>
    <subfield code="a">658.309595112</subfield>
  </datafield>
  <datafield tag="090" ind1="0" ind2="0">
    <subfield code="a">658.309595112</subfield>
    <subfield code="b">KED</subfield>
    <subfield code="d">KK</subfield>
  </datafield>
  <datafield tag="110" ind1="1" ind2=" ">
    <subfield code="a">Kedah.</subfield>
    <subfield code="b">Pejabat Setiausaha Kerajaan Negeri Kedah,</subfield>
    <subfield code="e">issuing body.</subfield>
  </datafield>
  <datafield tag="245" ind1="1" ind2="0">
    <subfield code="a">LAPORAN TAHUNAN 2020 :</subfield>
    <subfield code="b">BAHAGIAN PENGURUSAN SUMBER MANUSIA /</subfield>
    <subfield code="c">PEJABAT SETIAUSAHA KERAJAAN NEGERI KEDAH DARUL AMAN</subfield>
  </datafield>
  <datafield tag="264" ind1=" " ind2="1">
    <subfield code="a">Alor Setar, Kedah :</subfield>
    <subfield code="b">Bahagian Pengurusan Sumber Manusia, Pejabat Setiausaha Kerajaan Negeri Kedah, </subfield>
    <subfield code="c">[2020]</subfield>
  </datafield>
  <datafield tag="300" ind1=" " ind2=" ">
    <subfield code="a">90 pages :</subfield>
    <subfield code="b">colour photographs, colour charts ;</subfield>
    <subfield code="c">27 cm</subfield>
  </datafield>
  <datafield tag="336" ind1=" " ind2=" ">
    <subfield code="2">rdacontent</subfield>
    <subfield code="a">text </subfield>
  </datafield>
  <datafield tag="337" ind1=" " ind2=" ">
    <subfield code="2">rdamedia</subfield>
    <subfield code="a">unmediated </subfield>
  </datafield>
  <datafield tag="338" ind1=" " ind2=" ">
    <subfield code="2">rdacarrier</subfield>
    <subfield code="a">volume </subfield>
  </datafield>
  <datafield tag="650" ind1="1" ind2="0">
    <subfield code="a">Personnel management </subfield>
    <subfield code="z">Malaysia</subfield>
    <subfield code="z">Kedah</subfield>
  </datafield>
  <datafield tag="650" ind1="2" ind2="0">
    <subfield code="a">Employees</subfield>
    <subfield code="z">Malaysia</subfield>
    <subfield code="z">Kedah</subfield>
  </datafield>
  <datafield tag="650" ind1="2" ind2="0">
    <subfield code="a">Government publications </subfield>
    <subfield code="z">Malaysia</subfield>
  </datafield>
  <datafield tag="942" ind1=" " ind2=" ">
    <subfield code="2">ddc</subfield>
    <subfield code="c">SR</subfield>
  </datafield>
  <datafield tag="999" ind1=" " ind2=" ">
    <subfield code="c">188071</subfield>
    <subfield code="d">188071</subfield>
  </datafield>
  <datafield tag="952" ind1=" " ind2=" ">
    <subfield code="0">0</subfield>
    <subfield code="1">0</subfield>
    <subfield code="2">ddc</subfield>
    <subfield code="4">0</subfield>
    <subfield code="7">1</subfield>
    <subfield code="8">RFID</subfield>
    <subfield code="a">PPAK</subfield>
    <subfield code="b">PPAK</subfield>
    <subfield code="c">KK</subfield>
    <subfield code="d">2022-07-24</subfield>
    <subfield code="g">0.00</subfield>
    <subfield code="l">0</subfield>
    <subfield code="o">KK 658.309595112 KED</subfield>
    <subfield code="p">A00743956</subfield>
    <subfield code="r">2022-07-24 00:00:00</subfield>
    <subfield code="t">H046956</subfield>
    <subfield code="v">10.00</subfield>
    <subfield code="w">2022-07-24</subfield>
    <subfield code="y">SR</subfield>
  </datafield>
  <datafield tag="952" ind1=" " ind2=" ">
    <subfield code="0">0</subfield>
    <subfield code="1">0</subfield>
    <subfield code="2">ddc</subfield>
    <subfield code="4">0</subfield>
    <subfield code="7">1</subfield>
    <subfield code="a">SP</subfield>
    <subfield code="b">SP</subfield>
    <subfield code="c">KK</subfield>
    <subfield code="d">2022-07-24</subfield>
    <subfield code="g">0.00</subfield>
    <subfield code="o">KK 658.309595112 KED</subfield>
    <subfield code="p">A00743957</subfield>
    <subfield code="r">2022-07-24 00:00:00</subfield>
    <subfield code="t">H046957</subfield>
    <subfield code="v">10.00</subfield>
    <subfield code="w">2022-07-24</subfield>
    <subfield code="y">SR</subfield>
  </datafield>
</record>
